Statistiques concernant Quiz sur le Salvador

Cliquez ici pour prendre le quiz!

Statistiques générales

  • Ce quiz a été pris 2 482 fois
  • Le résultat moyen est 10 sur 18

Statistiques - réponses

QuestionRéponse% Correct
Langue officielleEspagnol
97%
Pays frontaliersHonduras
93%
Pays frontaliersGuatemala
92%
Sport qui a déclenché une guerre entre le Salvador et ce dernier en 1969Football
87%
Pays dans lequel vivent plus de 2,3 millions de salvadoriensEtats-Unis
86%
Le Salvador est le seul pays d'Amérique Centrale qui ne borde pas cette merMer des Caraïbes
86%
Capitale et plus grande villeSan Salvador
84%
Le Salvador a le plus fort taux d'___ au monde (61,8 pour 100 000 habitants)Homicide
62%
Devise monétaireDollar américain
61%
Seul pays qui a connu plus de morts dues au volcanisme
que le Salvador (de 141 avant J.-C. à nos jours)
Indonésie
57%
Le Salvador abrite 6 des 8 espèces de cet animal marin, dont la ___ luthTortue
55%
Depuis les années 1960, le Salvador a malheureusement perdu 85% de ses...Forêts
39%
Région culturelle et historique qui correspond à l'ensemble des civilisations
précolombiennes de l'Amérique Centrale, dont celles du Salvador
{Méso}amérique
26%
Personnage historique qui a donné son nom au SalvadorJésus Christ
23%
Deuxième ville la plus peupléeSanta {Ana}
23%
Instrument national qui ressemble à un xylophoneM{arimba}
19%
Golfe qui borde le Salvador à l'estGolfe de F{onseca}
11%
Plat national du Salvador qui se présente sous la forme de tortilla farciePupusa
9%

Distribution des résultats

Percentile par nombre de réponses

% des personnes avec chaque résultat

Votre développement - résultats

Vous n’avez pas pris ce quiz